| 000 | 01657nam a2200361Ia 4500 | ||
|---|---|---|---|
| 001 | dia_5553 | ||
| 003 | CHAP | ||
| 005 | 20250925123618.0 | ||
| 007 | ta | ||
| 008 | 220117s1993 mx ade fr 001 0 spa d | ||
| 040 |
_cCHAP _amxchpua |
||
| 090 |
_aT.C.163 _bC45 ETIPA _c1993 |
||
| 245 | 1 | 0 |
_aReporte final de la estancia en Agroindustrias del Bravo S. A. de C. V., Nuevo Laredo, Tamaulipas / _ccoordinador Walter Chisholm Stadard ; colaboradores Adriana Contreras Oliva...[et al.] |
| 260 |
_aMéxico : _bEl autor, _c1993 |
||
| 300 |
_acerca 120 hojas : _bilustraciones, gráficas, diagramas, tablas, planos |
||
| 336 |
_2rdacontent _atexto _btxt |
||
| 337 |
_2rdamedia _asin medio _bn |
||
| 338 |
_2rdacarrier _avolumen _bnc |
||
| 500 | _a7° año | ||
| 502 |
_aViaje de Estudios _b(ETIPA) -- _cUACh. Departamento de Ingeniería Agroindustrial, _d1993 |
||
| 504 | _aBibliografía: hoja 72 | ||
| 505 | _a5 planos -- 1. Diagrama de flujo -- 2. Vista en planta y ubicación de la planta (Esc. 1:125) -- 3. Distribución de áreas (Esc. 1:250) -- 4. Diagrama de recorrido original (Esc. 1:125) -- 5. Diagrama de recorridos de las materias primas auxiliares (Esc. 1:125) | ||
| 650 | 1 | 3 |
_aAlimentos y alimentación del ganado _xIndustria _9158959 _zMéxico _zTamaulipas |
| 650 | 1 | 3 |
_aLivestock feeding _xIndustry _9158960 _zMexico _zTamaulipas |
| 700 | 1 |
_aChisholm Stadard, Walter _922630 _ecoordinador |
|
| 700 | 1 |
_aContreras Oliva, Adriana _ecolaboradora _927524 |
|
| 901 | _aT.C.163 C45 ETIPA 1993 | ||
| 902 | _aM | ||
| 905 | _a5332271993 mx einm8223123322spa16 | ||
| 942 | _2local | ||
| 942 | _cVE | ||
| 999 |
_c176494 _d176494 |
||